[Event "19. Bosnjaci Open 2014"]
[Site "Bosnjaci CRO"]
[Date "2014.01.06"]
[Round "6.14"]
[White "Rogulj, Branko"]
[Black "Patarcic, Domagoj"]
[Result "1/2-1/2"]
[WhiteElo "2429"]
[BlackElo "2096"]
[PlyCount "112"]
[EventDate "2014.01.03"]
[EventType "swiss"]
[EventRounds "9"]
[EventCountry "CRO"]
[Source "lmi"]
[SourceDate "2014.01.03"]

1. e4 Nc6 2. Nf3 d5 3. exd5 Qxd5 4. Nc3 Qa5 5. Bb5 Bd7 6. d4 e6 7. O-O Bb4 8.
Bxc6 Bxc6 9. Ne5 Bxc3 10. bxc3 Ne7 11. c4 O-O 12. Qd3 Ng6 13. Nxg6 hxg6 14. Bb2
b5 15. d5 exd5 16. cxd5 Rad8 17. Qa3 Qxa3 18. Bxa3 Bxd5 19. Bxf8 Kxf8 20. Rfd1
c6 21. a4 a6 22. axb5 axb5 23. f3 g5 24. Ra7 Rd6 25. Kf2 Rf6 26. Rd4 Re6 27.
Rd3 Rf6 28. Rd4 Re6 29. h3 g6 30. Rd3 Bc4 31. Re3 Rd6 32. Ke1 Kg7 33. Re4 Bd5
34. Rd4 Re6+ 35. Kf2 Bc4 36. Rd2 Re8 37. Ra3 Be6 38. Rc3 Bd5 39. Re3 Ra8 40.
Rd4 Ra2 41. Rc3 Kf6 42. Kg3 Ke5 43. Rb4 Bc4 44. Rbxc4 bxc4 45. Rxc4 Kd5 46. Rc3
Ra4 47. Kf2 Rc4 48. Rd3+ Rd4 49. Ke3 Rxd3+ 50. Kxd3 c5 51. c4+ Ke5 52. Ke3 f5
53. g4 f4+ 54. Kd3 Kd6 55. Ke4 Ke6 56. Kd3 Kd6 1/2-1/2

[Event "19. Bosnjaci Open 2014"]
[Site "Bosnjaci CRO"]
[Date "2014.01.06"]
[Round "6.15"]
[White "Petrusic, Toni"]
[Black "Babic, Andrija"]
[Result "1-0"]
[WhiteElo "2302"]
[BlackElo "2091"]
[PlyCount "67"]
[EventDate "2014.01.03"]
[EventType "swiss"]
[EventRounds "9"]
[EventCountry "CRO"]
[Source "lmi"]
[SourceDate "2014.01.03"]

1. e4 c6 2. Nc3 d5 3. Nf3 dxe4 4. Nxe4 Bg4 5. Bc4 e6 6. h3 Bh5 7. Ng3 Bxf3 8.
Qxf3 Nd7 9. d4 Nb6 10. Bd3 Qxd4 11. O-O Nf6 12. a4 Nbd5 13. c3 Qb6 14. a5 Qc7
15. a6 Bd6 16. Bg5 h6 17. Bd2 Nd7 18. Ne4 bxa6 19. Nxd6+ Qxd6 20. c4 Ne7 21.
Bc3 Ne5 22. Qg3 Qxd3 23. Qxe5 Qxc4 24. Qxg7 Rg8 25. Qxh6 O-O-O 26. Qe3 Kb8 27.
Rfd1 Nd5 28. Qf3 f5 29. Rd4 Qc5 30. Rda4 Rd7 31. Rxa6 Ka8 32. R6a5 Qd6 33. Bd4
Qb4 34. Bxa7 1-0

[Event "19. Bosnjaci Open 2014"]
[Site "Bosnjaci CRO"]
[Date "2014.01.06"]
[Round "6.16"]
[White "Videnova, Iva"]
[Black "Pasalic, Adnan"]
[Result "1/2-1/2"]
[WhiteElo "2275"]
[BlackElo "2070"]
[PlyCount "96"]
[EventDate "2014.01.03"]
[EventType "swiss"]
[EventRounds "9"]
[EventCountry "CRO"]
[Source "lmi"]
[SourceDate "2014.01.03"]

1. e4 e6 2. d4 d5 3. Nc3 Nf6 4. e5 Nfd7 5. f4 c5 6. Nf3 Nc6 7. Be3 a6 8. Qd2 b5
9. Nd1 Qb6 10. c3 Bb7 11. Be2 Rc8 12. O-O cxd4 13. Nxd4 Nxd4 14. Bxd4 Qc7 15.
Kh1 g6 16. Qe3 h5 17. Nf2 Nb8 18. a4 bxa4 19. Rxa4 Bc5 20. Nd3 Bxd4 21. cxd4 a5
22. Nc5 Bc6 23. Ra3 Nd7 24. Rc1 Nxc5 25. Rxc5 Qb7 26. Rb3 Qa8 27. Rb6 Bd7 28.
Qc3 O-O 29. Ba6 Rxc5 30. Qxc5 a4 31. h3 Rb8 32. Kh2 Be8 33. Qb4 Rxb6 34. Qxb6
Kf8 35. Bb7 Qb8 36. Qc5+ Kg7 37. Qc8 Qa7 38. Ba6 Qb6 39. Qxe8 Qxa6 40. Qe7 Qb5
41. f5 gxf5 42. Qg5+ Kf8 43. Qxh5 Qxb2 44. Qh8+ Ke7 45. Qf6+ Ke8 46. Qh8+ Ke7
47. Qf6+ Ke8 48. Qh8+ Ke7 1/2-1/2

[Event "19. Bosnjaci Open 2014"]
[Site "Bosnjaci CRO"]
[Date "2014.01.06"]
[Round "6.17"]
[White "Tucakovic, Zdravko"]
[Black "Abdil, Halil"]
[Result "0-1"]
[WhiteElo "1993"]
[BlackElo "2263"]
[PlyCount "118"]
[EventDate "2014.01.03"]
[EventType "swiss"]
[EventRounds "9"]
[EventCountry "CRO"]
[Source "lmi"]
[SourceDate "2014.01.03"]

1. e4 c5 2. Nf3 d6 3. d4 cxd4 4. Nxd4 Nf6 5. Nc3 g6 6. Be2 Bg7 7. Be3 Nc6 8.
O-O O-O 9. Qd2 Bd7 10. f4 Nxd4 11. Bxd4 Bc6 12. Bf3 e5 13. fxe5 dxe5 14. Be3
Qc7 15. Rad1 Rad8 16. Nd5 Bxd5 17. exd5 e4 18. d6 Qc6 19. Be2 Ne8 20. d7 Nf6
21. Qb4 Nd5 22. Rxd5 Qxd5 23. Rd1 Qc6 24. Bc5 Rxd7 25. Rxd7 Qxd7 26. Bxf8 Qd4+
27. Kf1 Qf6+ 28. Ke1 Bxf8 29. Qxe4 Qxb2 30. Bc4 b5 31. Bb3 Qf6 32. a4 bxa4 33.
Bxa4 Qe7 34. Qxe7 Bxe7 35. Ke2 f5 36. h3 Kf7 37. g4 f4 38. Kf3 Bd6 39. h4 Kf6
40. Ke4 h6 41. c4 g5 42. h5 Bc5 43. Bd1 Ke6 44. Bf3 a5 45. Bd1 Bf8 46. Kd4 Bg7+
47. Kc5 Ke5 48. Bf3 Bf8+ 49. Kb5 Kd4 50. Kxa5 Ke3 51. Bd5 f3 52. c5 Bxc5 53.
Kb5 f2 54. Bc4 Ba3 55. Kc6 Kf3 56. Kd5 Kxg4 57. Ke4 Kg3 58. Bf1 Kh2 59. Kf3 Kg1
0-1

[Event "19. Bosnjaci Open 2014"]
[Site "Bosnjaci CRO"]
[Date "2014.01.06"]
[Round "6.18"]
[White "Zivkovic, Nikola"]
[Black "Novak, Ksenija"]
[Result "0-1"]
[WhiteElo "2204"]
[BlackElo "2069"]
[PlyCount "156"]
[EventDate "2014.01.03"]
[EventType "swiss"]
[EventRounds "9"]
[EventCountry "CRO"]
[Source "lmi"]
[SourceDate "2014.01.03"]

1. e4 c5 2. Nf3 Nc6 3. d4 cxd4 4. Nxd4 Nf6 5. Nc3 e5 6. Ndb5 d6 7. Bg5 a6 8.
Bxf6 gxf6 9. Na3 b5 10. Nd5 Bg7 11. c3 f5 12. Bd3 Ne7 13. Qh5 Nxd5 14. exd5 e4
15. Bc2 b4 16. Nb1 Qa5 17. O-O bxc3 18. Nxc3 O-O 19. Bb3 Bxc3 20. bxc3 Qxc3 21.
Rfe1 Qf6 22. Rac1 Bd7 23. f3 Rac8 24. Rcd1 Rfe8 25. fxe4 fxe4 26. Rf1 Qg6 27.
Qxg6+ fxg6 28. Rf6 e3 29. Re1 Bb5 30. Rxd6 Rf8 31. Rb6 e2 32. Rxb5 axb5 33. h3
Rce8 34. d6+ Kg7 35. Bd5 Rd8 36. Rxe2 Rxd6 37. Bb3 Kf6 38. Rc2 b4 39. Rc4 Rb8
40. Rc7 h6 41. Rf7+ Ke5 42. Rh7 g5 43. Kf2 Rbb6 44. Ke3 Rdc6 45. Re7+ Kd6 46.
Re6+ Kd7 47. Re5 Rc3+ 48. Kf2 Rf6+ 49. Kg1 Kc7 50. Re4 Rf4 51. Re7+ Kb6 52.
Re6+ Rc6 53. Re5 Rd6 54. Re2 Kc5 55. Rc2+ Kd4 56. Rd2+ Ke5 57. Re2+ Re4 58. Rc2
Kf4 59. Kh2 Red4 60. Rf2+ Ke3 61. Rf8 Rc6 62. Rb8 Kd2 63. Rf8 Kc3 64. Rf3+ Rd3
65. Rf2 Rd2 66. Rf3+ Kb2 67. Rf5 Ra6 68. Rb5 Rd4 69. Bf7 Rxa2 70. Rb6 Ra5 71.
Rxh6 b3 72. Rb6 Rd3 73. Rb4 Ka3 74. Rb7 b2 75. Bc4 Re3 76. Bf7 Rc5 77. Ra7+ Kb4
78. Bg6 Re1 0-1

[Event "19. Bosnjaci Open 2014"]
[Site "Bosnjaci CRO"]
[Date "2014.01.06"]
[Round "6.19"]
[White "Ljikar, Zoran"]
[Black "Kolega, Marin"]
[Result "1-0"]
[WhiteElo "2180"]
[BlackElo "2043"]
[PlyCount "37"]
[EventDate "2014.01.03"]
[EventType "swiss"]
[EventRounds "9"]
[EventCountry "CRO"]
[Source "lmi"]
[SourceDate "2014.01.03"]

1. e4 d5 2. exd5 Qxd5 3. Nc3 Qa5 4. d4 Nf6 5. Bc4 c6 6. Nf3 Bf5 7. Bd2 Qc7 8.
Ne5 e6 9. g4 Be4 10. Nxe4 Nxe4 11. Bf4 Nd6 12. Bg3 Qa5+ 13. c3 Nd7 14. Nxd7
Kxd7 15. Qf3 f6 16. O-O-O Re8 17. Rhe1 e5 18. dxe5 fxe5 19. Qe3 1-0

[Event "19. Bosnjaci Open 2014"]
[Site "Bosnjaci CRO"]
[Date "2014.01.06"]
[Round "6.20"]
[White "Matanovic, Zlatko"]
[Black "Knezevic, Igor"]
[Result "1/2-1/2"]
[WhiteElo "2009"]
[BlackElo "2152"]
[PlyCount "155"]
[EventDate "2014.01.03"]
[EventType "swiss"]
[EventRounds "9"]
[EventCountry "CRO"]
[Source "lmi"]
[SourceDate "2014.01.03"]

1. e4 e5 2. Bc4 Nf6 3. Nc3 Nxe4 4. Nxe4 d5 5. Bd3 dxe4 6. Bxe4 Bd6 7. d4 exd4
8. Qxd4 O-O 9. Be3 Nc6 10. Qd2 Qe7 11. Bxc6 bxc6 12. Ne2 c5 13. O-O Ba6 14.
Rfe1 Bxe2 15. Qxe2 Qe5 16. g3 Qxb2 17. Qc4 Qb4 18. Qd5 Rab8 19. c4 Qb7 20. Qd3
Qc6 21. Rab1 Rb6 22. Rb3 Rfb8 23. Reb1 a6 24. Qf5 Bf8 25. Bf4 Rb4 26. Qd3 a5
27. a3 Rxb3 28. Rxb3 Re8 29. Be3 Bd6 30. Rb5 a4 31. Qc2 h5 32. Qxa4 h4 33. Ra5
Qxa4 34. Rxa4 h3 35. Kf1 f5 36. Ke2 f4 37. gxf4 Bxf4 38. Kf3 Bxh2 39. Kg4 Be5
40. Kxh3 Bd4 41. Bf4 Bxf2 42. Bxc7 Re4 43. Kg2 Bd4 44. Kf3 Re3+ 45. Kf4 Kf7 46.
Ra7 Kf6 47. Ra6+ Ke7 48. Bd6+ Kd7 49. Bf8 Rc3 50. Ra4 Kc6 51. Ra6+ Kb7 52. Rg6
Rxc4 53. Kf3 Ra4 54. Bxg7 Bxg7 55. Rxg7+ Kc6 56. Ke2 Rxa3 57. Kd2 Kb5 58. Kc2
Rh3 59. Rg2 Kb4 60. Kb2 c4 61. Rf2 Rb3+ 62. Kc2 Ra3 63. Rf5 Ra2+ 64. Kb1 Rd2
65. Rf3 Rd3 66. Rf2 Rb3+ 67. Kc1 Rh3 68. Rb2+ Kc3 69. Rc2+ Kd4 70. Rd2+ Rd3 71.
Rh2 Kc3 72. Rc2+ Kb4 73. Rb2+ Rb3 74. Rh2 Rg3 75. Rb2+ Ka3 76. Rh2 Rb3 77. Rg2
Rd3 78. Rh2 1/2-1/2

[Event "19. Bosnjaci Open 2014"]
[Site "Bosnjaci CRO"]
[Date "2014.01.07"]
[Round "7.2"]
[White "Blagojevic, Dragisa"]
[Black "Zaja, Ivan"]
[Result "1/2-1/2"]
[WhiteElo "2516"]
[BlackElo "2457"]
[PlyCount "46"]
[EventDate "2014.01.03"]
[EventType "swiss"]
[EventRounds "9"]
[EventCountry "CRO"]
[Source "lmi"]
[SourceDate "2014.01.03"]

1. d4 e6 2. c4 b6 3. a3 Bb7 4. Nc3 f5 5. d5 Nf6 6. g3 Na6 7. Bg2 Nc5 8. Nh3 Bd6
9. O-O Be5 10. Qc2 O-O 11. Bd2 a5 12. Rad1 Qe8 13. dxe6 dxe6 14. Bxb7 Nxb7 15.
Bf4 Bxf4 16. Nxf4 Qc6 17. Nb5 e5 18. Nd5 Nxd5 19. Rxd5 Rae8 20. Qc3 e4 21. Rfd1
Re7 22. Re5 Ref7 23. f4 exf3 1/2-1/2

[Event "19. Bosnjaci Open 2014"]
[Site "Bosnjaci CRO"]
[Date "2014.01.07"]
[Round "7.3"]
[White "Jakic, Ivan"]
[Black "Kuljasevic, Davorin"]
[Result "0-1"]
[WhiteElo "2404"]
[BlackElo "2580"]
[PlyCount "70"]
[EventDate "2014.01.03"]
[EventType "swiss"]
[EventRounds "9"]
[EventCountry "CRO"]
[Source "lmi"]
[SourceDate "2014.01.03"]

1. e4 e5 2. Nf3 Nc6 3. Bb5 a6 4. Ba4 Nf6 5. O-O Be7 6. Re1 b5 7. Bb3 d6 8. c3
O-O 9. d4 Bg4 10. Be3 exd4 11. cxd4 Na5 12. Bc2 Nc4 13. Bc1 c5 14. b3 Nb6 15.
Nbd2 cxd4 16. Bb2 Nfd7 17. Qb1 Bxf3 18. Nxf3 g6 19. Bxd4 Bf6 20. Qb2 Rc8 21.
Re2 Re8 22. Rd1 Nd5 23. Qa3 Nf4 24. Red2 Bxd4 25. Nxd4 Nc5 26. Nf3 Qe7 27. g3
Nxe4 28. gxf4 Nxd2 29. Rxd2 Rxc2 30. Rxc2 Qe4 31. Rc1 Qxf3 32. Qxd6 h5 33. Qd7
Re4 34. Rc8+ Kg7 35. Qd2 Qg4+ 0-1

[Event "19. Bosnjaci Open 2014"]
[Site "Bosnjaci CRO"]
[Date "2014.01.07"]
[Round "7.4"]
[White "Saric, Sinisa"]
[Black "Fercec, Nenad"]
[Result "0-1"]
[WhiteElo "2406"]
[BlackElo "2473"]
[PlyCount "140"]
[EventDate "2014.01.03"]
[EventType "swiss"]
[EventRounds "9"]
[EventCountry "CRO"]
[Source "lmi"]
[SourceDate "2014.01.03"]

1. d4 g6 2. c4 Bg7 3. e4 d6 4. Nf3 Bg4 5. Be2 Nc6 6. Be3 Bxf3 7. Bxf3 e5 8. d5
Nd4 9. Bxd4 exd4 10. Nd2 Ne7 11. O-O O-O 12. Be2 c5 13. Nf3 Nc8 14. Rb1 Re8 15.
Bd3 a5 16. g3 Nb6 17. Kg2 Nd7 18. h4 h5 19. Qc2 a4 20. Rbe1 a3 21. b3 Qa5 22.
Re2 Qc3 23. Qd1 Re7 24. Rc2 Qa5 25. Re1 Rae8 26. Rce2 Bh6 27. Qc2 Qc3 28. Qd1
Kg7 29. Rc2 Qa5 30. Rce2 f6 31. Rh1 Ne5 32. Nxe5 fxe5 33. Rc2 Rf8 34. Qe1 Qd8
35. Qd1 Ref7 36. Rh2 Qf6 37. Kg1 Qf3 38. Qe2 Qf6 39. Rg2 Kh7 40. Qd1 Qe7 41.
Be2 Rf6 42. Qd3 Qf7 43. Bd1 Qc7 44. Be2 R8f7 45. Rh2 Qd8 46. Qd1 Qf8 47. Bf1
Rf3 48. Bd3 Qc8 49. Be2 Qg4 50. Bxf3 Rxf3 51. Re2 d3 52. Re1 d2 53. Re2 Rd3 54.
Kf1 Qf3 55. Rg2 Kh8 56. Rh2 Kh7 57. Rg2 Rc3 58. Rxd2 Bxd2 59. Qxf3 Rxf3 60. Ke2
Rxb3 61. Kxd2 Rb2+ 62. Kc3 Kh6 63. Rh2 Kg7 64. Rg2 Kf6 65. Rh2 Rxa2 66. Kb3 Re2
67. Kxa3 Rxe4 68. Kb3 Re2 69. Kc3 e4 70. Rg2 Kf5 0-1

[Event "19. Bosnjaci Open 2014"]
[Site "Bosnjaci CRO"]
[Date "2014.01.07"]
[Round "7.5"]
[White "Plenkovic, Zdenko"]
[Black "Zufic, Miroslav"]
[Result "1-0"]
[WhiteElo "2404"]
[BlackElo "2466"]
[PlyCount "97"]
[EventDate "2014.01.03"]
[EventType "swiss"]
[EventRounds "9"]
[EventCountry "CRO"]
[Source "lmi"]
[SourceDate "2014.01.03"]

1. Nf3 c5 2. g3 Nc6 3. Bg2 g6 4. c3 e5 5. d4 cxd4 6. cxd4 e4 7. Ne5 d5 8. Nxc6
bxc6 9. O-O Bg7 10. Nc3 Ne7 11. Na4 Nf5 12. e3 h5 13. Qc2 Qf6 14. Bd2 Ba6 15.
Rfe1 h4 16. Nc5 hxg3 17. hxg3 Bc8 18. Rac1 O-O 19. Bb4 Re8 20. Qa4 a5 21. Nb3
Bd7 22. Bxa5 Reb8 23. Nc5 Be8 24. b4 Nd6 25. Qc2 Qe7 26. Bf1 g5 27. a4 f5 28.
Na6 Rb7 29. Qc5 Bf8 30. b5 cxb5 31. axb5 Qf6 32. Bc7 Qe6 33. b6 Nc4 34. Bxc4
Bxc5 35. Nxc5 Qc6 36. Nxb7 Qxb7 37. Bb3 Ra3 38. Rc3 Ra6 39. Rc5 Bf7 40. Rec1 f4
41. Rb5 Be6 42. Rcc5 Ra1+ 43. Kh2 f3 44. Rxd5 Rf1 45. Rxg5+ Kh7 46. Rh5+ Kg6
47. Rbg5+ Kf7 48. Rh7+ Kf6 49. Bd8+ 1-0

[Event "19. Bosnjaci Open 2014"]
[Site "Bosnjaci CRO"]
[Date "2014.01.07"]
[Round "7.7"]
[White "Kovacevic, Blazimir"]
[Black "Leskur, Dejan"]
[Result "1-0"]
[WhiteElo "2449"]
[BlackElo "2395"]
[PlyCount "69"]
[EventDate "2014.01.03"]
[EventType "swiss"]
[EventRounds "9"]
[EventCountry "CRO"]
[Source "lmi"]
[SourceDate "2014.01.03"]

1. Nf3 g6 2. d4 Bg7 3. c4 c5 4. e4 cxd4 5. Nxd4 Nc6 6. Be3 Nf6 7. Nc3 O-O 8.
Be2 d6 9. O-O Bd7 10. Qd2 Nxd4 11. Bxd4 Bc6 12. f3 a5 13. b3 Nd7 14. Be3 Nc5
15. Rac1 Qb6 16. Rc2 Rfc8 17. Rb1 Qd8 18. Bf1 Qf8 19. a3 f5 20. exf5 Qxf5 21.
b4 axb4 22. axb4 Na4 23. Bd3 Qf8 24. Ne2 e6 25. Nd4 Qf7 26. Bf2 Bd7 27. Nb3 d5
28. c5 e5 29. Na5 Rab8 30. Rd1 Kh8 31. Bf1 d4 32. Nc4 Rf8 33. Re1 Qd5 34. Nxe5
Bf5 35. Bc4 1-0

[Event "19. Bosnjaci Open 2014"]
[Site "Bosnjaci CRO"]
[Date "2014.01.07"]
[Round "7.8"]
[White "Mrkonjic, Nenad"]
[Black "Burovic, Ismet"]
[Result "0-1"]
[WhiteElo "2376"]
[BlackElo "2372"]
[PlyCount "138"]
[EventDate "2014.01.03"]
[EventType "swiss"]
[EventRounds "9"]
[EventCountry "CRO"]
[Source "lmi"]
[SourceDate "2014.01.03"]

1. d4 g6 2. c4 Bg7 3. Nc3 d6 4. e4 Nc6 5. Be3 e5 6. d5 Nce7 7. Bd3 f5 8. f3 Nf6
9. Nge2 fxe4 10. Nxe4 Nf5 11. Bg5 h6 12. Bxf6 Bxf6 13. Qd2 Bg7 14. O-O O-O 15.
Rae1 Kh8 16. N2g3 b6 17. Qc2 h5 18. Nf2 Bh6 19. Nxf5 gxf5 20. Kh1 Bd7 21. Nh3
Qf6 22. f4 Rae8 23. b3 Re7 24. Qd1 Qh4 25. Re3 Rg7 26. Qe1 Qxe1 27. Rfxe1 e4
28. Bf1 Be8 29. Rg3 Re7 30. Rge3 Kg7 31. Be2 Kf6 32. a4 a5 33. Kg1 h4 34. Kf2
Rg8 35. g3 Reg7 36. Rg1 Bd7 37. Rd1 Rh7 38. Rg1 Rhg7 39. Rd1 Ke7 40. Rg1 Bc8
41. Bd1 Kf8 42. Be2 Rh7 43. Rd1 Bd7 44. Bf1 Rhh8 45. Be2 Bg7 46. Kg2 Bb2 47.
Nf2 Ba3 48. Nh3 Rh6 49. Ng5 Bc5 50. Rc3 hxg3 51. Rxg3 Rgh8 52. Rh3 Rxh3 53.
Nxh3 Be3 54. Kg3 Rg8+ 55. Ng5 Rxg5+ 56. fxg5 Bxg5 57. Rf1 Kg7 58. Bh5 Kf6 59.
h4 Be3 60. Bd1 Ke5 61. h5 Bg5 62. Rh1 f4+ 63. Kg2 Bh6 64. Rg1 Bf5 65. Kf1 Bh7
66. Bg4 f3 67. Be6 e3 68. Rg6 Bxg6 69. hxg6 Kf4 0-1

[Event "19. Bosnjaci Open 2014"]
[Site "Bosnjaci CRO"]
[Date "2014.01.07"]
[Round "7.9"]
[White "Zivkovic, Vjekoslav"]
[Black "Ljikar, Zoran"]
[Result "1-0"]
[WhiteElo "2365"]
[BlackElo "2180"]
[PlyCount "27"]
[EventDate "2014.01.03"]
[EventType "swiss"]
[EventRounds "9"]
[EventCountry "CRO"]
[Source "lmi"]
[SourceDate "2014.01.03"]

1. e4 c5 2. Nf3 e6 3. g3 Nc6 4. Bg2 Nf6 5. Qe2 d5 6. exd5 Nxd5 7. O-O Be7 8.
Rd1 O-O 9. d4 cxd4 10. Nxd4 Qb6 11. Nb3 a5 12. c4 Qa6 13. Nc3 a4 14. cxd5 1-0

[Event "19. Bosnjaci Open 2014"]
[Site "Bosnjaci CRO"]
[Date "2014.01.07"]
[Round "7.10"]
[White "Lazor, Vladimir"]
[Black "Petrusic, Toni"]
[Result "1/2-1/2"]
[WhiteElo "2194"]
[BlackElo "2302"]
[PlyCount "102"]
[EventDate "2014.01.03"]
[EventType "swiss"]
[EventRounds "9"]
[EventCountry "CRO"]
[Source "lmi"]
[SourceDate "2014.01.03"]

1. e4 e6 2. d4 d5 3. Nd2 Nf6 4. e5 Nfd7 5. Bd3 c5 6. c3 Nc6 7. Ndf3 cxd4 8.
cxd4 f6 9. exf6 Nxf6 10. Ne2 Bd6 11. O-O Qc7 12. Bg5 O-O 13. Nc3 a6 14. Bh4 Bd7
15. Bg3 Be8 16. Re1 Bxg3 17. hxg3 Bf7 18. Rc1 Qd6 19. a3 Bh5 20. Be2 Bxf3 21.
Bxf3 b5 22. Ne2 g5 23. Qd2 h6 24. g4 Rac8 25. Ng3 Ne7 26. Qe3 Rxc1 27. Rxc1 Rc8
28. Rxc8+ Nxc8 29. Nh5 Nxh5 30. gxh5 Ne7 31. Bg4 Kf7 32. g3 Kf6 33. Qf3+ Kg7
34. Qe2 Kf6 35. Qc2 Kg7 36. b4 e5 37. dxe5 Qxe5 38. Qc5 Qe4 39. Qd6 Kf7 40. Bd7
d4 41. Qxh6 Qe1+ 42. Kg2 Qe4+ 43. Kh2 d3 44. Qxg5 Qd4 45. Bg4 Qxf2+ 46. Kh3 d2
47. h6 Qf1+ 48. Kh2 Qf2+ 49. Kh3 Qf1+ 50. Kh2 Qf2+ 51. Kh3 Qf1+ 1/2-1/2

[Event "19. Bosnjaci Open 2014"]
[Site "Bosnjaci CRO"]
[Date "2014.01.07"]
[Round "7.11"]
[White "Bobanac, Miro"]
[Black "Matanovic, Luka"]
[Result "1/2-1/2"]
[WhiteElo "2285"]
[BlackElo "2055"]
[PlyCount "149"]
[EventDate "2014.01.03"]
[EventType "swiss"]
[EventRounds "9"]
[EventCountry "CRO"]
[Source "lmi"]
[SourceDate "2014.01.03"]

1. Nf3 d5 2. d4 Nf6 3. g3 e6 4. Bg2 Be7 5. O-O O-O 6. b3 b5 7. Bb2 Bb7 8. Nbd2
b4 9. c4 bxc3 10. Bxc3 a5 11. Ne5 Nbd7 12. Nd3 c5 13. dxc5 Ne4 14. Nxe4 dxe4
15. Nb2 Bxc5 16. Nc4 Bd5 17. a4 Nb8 18. Qc2 f5 19. Rfd1 Nc6 20. e3 Qc7 21. Bf1
Bb4 22. Rac1 Qb7 23. Qb2 Rab8 24. Nd2 Bxc3 25. Rxc3 Ne5 26. Rdc1 Rf7 27. Qc2
Qb4 28. Rc8+ Rf8 29. Rxf8+ Kxf8 30. Qc5+ Qxc5 31. Rxc5 Nf3+ 32. Nxf3 exf3 33.
Bb5 Bxb3 34. h3 Rd8 35. g4 fxg4 36. hxg4 Rd5 37. Rc8+ Ke7 38. Kh2 Rg5 39. Kg3
h5 40. Kxf3 Rxg4 41. e4 Kd6 42. Ke3 h4 43. Rc3 Ba2 44. Rc1 h3 45. Rh1 Rh4 46.
Rh2 e5 47. f3 Be6 48. Kf2 Rh6 49. Bf1 Kc5 50. Bb5 Kb4 51. Ke3 Rg6 52. Kf2 Rg5
53. Be8 Bc8 54. Bb5 Rg6 55. Be8 Re6 56. Bb5 Rh6 57. Kg3 Rg6+ 58. Kf2 Be6 59.
Be8 Rh6 60. Kg3 Kc3 61. Bb5 Rg6+ 62. Kf2 Kd4 63. Be8 Rf6 64. Bb5 Bg4 65. Be2
Bd7 66. Rh1 Bxa4 67. Ra1 Bc2 68. Rxa5 h2 69. Rd5+ Kc3 70. Kg2 Rh6 71. Kh1 Rh5
72. Bf1 Bb3 73. Rd3+ Kc2 74. Rd7 g6 75. Rd6 1/2-1/2

[Event "19. Bosnjaci Open 2014"]
[Site "Bosnjaci CRO"]
[Date "2014.01.07"]
[Round "7.13"]
[White "Novak, Ksenija"]
[Black "Stocko, Josip"]
[Result "0-1"]
[WhiteElo "2069"]
[BlackElo "2241"]
[PlyCount "58"]
[EventDate "2014.01.03"]
[EventType "swiss"]
[EventRounds "9"]
[EventCountry "CRO"]
[Source "lmi"]
[SourceDate "2014.01.03"]

1. Nf3 Nf6 2. c4 d6 3. d4 Nbd7 4. Nc3 e5 5. Bg5 Be7 6. dxe5 dxe5 7. e3 O-O 8.
Bxf6 Bxf6 9. Qc2 c6 10. Be2 Be7 11. O-O Qc7 12. a3 a5 13. Rab1 g6 14. b4 Nf6
15. c5 Bf5 16. e4 Bg4 17. h3 Bxf3 18. Bxf3 Ne8 19. Rbd1 Ng7 20. g3 Ne6 21. Ne2
h5 22. h4 axb4 23. axb4 b6 24. cxb6 Qxb6 25. Qb2 Ra5 26. Ra1 Rb5 27. Rfc1 Bxb4
28. Nc3 Bxc3 29. Qxc3 Rb3 0-1

[Event "19. Bosnjaci Open 2014"]
[Site "Bosnjaci CRO"]
[Date "2014.01.07"]
[Round "7.14"]
[White "Sargac, Rajna"]
[Black "Rogulj, Branko"]
[Result "0-1"]
[WhiteElo "2172"]
[BlackElo "2429"]
[PlyCount "70"]
[EventDate "2014.01.03"]
[EventType "swiss"]
[EventRounds "9"]
[EventCountry "CRO"]
[Source "lmi"]
[SourceDate "2014.01.03"]

1. d4 Nf6 2. e3 g6 3. f4 Bg7 4. Nf3 O-O 5. Bd3 d6 6. O-O c5 7. dxc5 dxc5 8. Qe2
Nc6 9. c3 e5 10. e4 Bg4 11. h3 Bxf3 12. Rxf3 exf4 13. Bxf4 Nd7 14. Nd2 Nde5 15.
Re3 Qh4 16. Rf1 Rad8 17. Bc2 b5 18. Bxe5 Nxe5 19. Nf3 Qh6 20. Nxe5 Bxe5 21. Rd3
Rxd3 22. Qxd3 c4 23. Qe2 Qg5 24. Rd1 a6 25. Rd5 Qf4 26. Qd2 Qh2+ 27. Kf2 Bf4
28. Qd1 Bg3+ 29. Kf3 Bc7 30. Qf1 f5 31. e5 Bxe5 32. Ke2 Re8 33. Kd2 Bf4+ 34.
Kd1 Qg3 35. Rd4 Bh6 0-1

[Event "19. Bosnjaci Open 2014"]
[Site "Bosnjaci CRO"]
[Date "2014.01.07"]
[Round "7.15"]
[White "Plenca, Jadranko"]
[Black "Sertic, Rudolf"]
[Result "1-0"]
[WhiteElo "2127"]
[BlackElo "2354"]
[PlyCount "89"]
[EventDate "2014.01.03"]
[EventType "swiss"]
[EventRounds "9"]
[EventCountry "CRO"]
[Source "lmi"]
[SourceDate "2014.01.03"]

1. e4 c5 2. Nf3 e6 3. c3 d5 4. exd5 Qxd5 5. d4 Nf6 6. Be3 cxd4 7. cxd4 Nc6 8.
Nc3 Qd6 9. Bd3 Nb4 10. Be2 Be7 11. O-O O-O 12. Ne5 Nbd5 13. Rc1 Nxc3 14. bxc3
Nd5 15. Bd2 Bf6 16. f4 Rd8 17. Bd3 g6 18. Qe1 Bd7 19. h4 Be8 20. h5 b5 21. hxg6
hxg6 22. Rf3 Rac8 23. Bb1 Rc7 24. Rh3 Rdc8 25. Qf2 Qd8 26. a3 Bg7 27. g4 Qe7
28. a4 bxa4 29. g5 Bb5 30. Qh4 Qa3 31. Qh7+ Kf8 32. Bxg6 Nxc3 33. Re1 Qb2 34.
Bxf7 Bxe5 35. Rxe5 Qb1+ 36. Qxb1 Nxb1 37. Bxe6 Nxd2 38. Bxc8 a3 39. Rc5 Re7 40.
Rc1 Re4 41. Bf5 Rxf4 42. Rc7 Bc4 43. Rhh7 Rf1+ 44. Kh2 Re1 45. Rc8+ 1-0

[Event "19. Bosnjaci Open 2014"]
[Site "Bosnjaci CRO"]
[Date "2014.01.07"]
[Round "7.16"]
[White "Patarcic, Domagoj"]
[Black "Videnova, Iva"]
[Result "1/2-1/2"]
[WhiteElo "2096"]
[BlackElo "2275"]
[PlyCount "129"]
[EventDate "2014.01.03"]
[EventType "swiss"]
[EventRounds "9"]
[EventCountry "CRO"]
[Source "lmi"]
[SourceDate "2014.01.03"]

1. a3 e5 2. Nc3 d5 3. d4 e4 4. Bf4 Nf6 5. f3 Bd6 6. Qd2 O-O 7. fxe4 Nxe4 8.
Nxe4 dxe4 9. Bxd6 Qxd6 10. e3 Bg4 11. Ne2 Bxe2 12. Bxe2 a5 13. O-O Nd7 14. Rf4
Nf6 15. Raf1 Rae8 16. Bc4 b6 17. c3 c6 18. Qf2 b5 19. Ba2 Qe7 20. Bb1 c5 21.
Rf5 cxd4 22. cxd4 b4 23. Rxa5 bxa3 24. bxa3 Qd6 25. Qf5 Ra8 26. Rxa8 Rxa8 27.
Bxe4 Re8 28. Bf3 Rxe3 29. Qc5 Qxc5 30. dxc5 Rxa3 31. c6 Rc3 32. Rb1 Kf8 33. Rb7
Ne8 34. Bd5 Nf6 35. Bf3 Rc5 36. Ra7 g5 37. h3 h5 38. c7 Kg7 39. Ra5 Rxc7 40.
Rxg5+ Kh6 41. Ra5 Rc2 42. Ra6 Kg7 43. Kh2 Rc4 44. Ra5 h4 45. Rg5+ Kh6 46. Rf5
Kg6 47. Ra5 Rf4 48. Ra3 Ng8 49. g3 hxg3+ 50. Kxg3 Rb4 51. Ra6+ Nf6 52. Ra5 Ne4+
53. Bxe4+ Rxe4 54. Ra3 f5 55. Ra6+ Kg5 56. Ra3 Rb4 57. Rf3 f4+ 58. Kg2 Kf5 59.
Rf2 Rb3 60. Rf3 Rb2+ 61. Rf2 Rb8 62. Ra2 Rg8+ 63. Kf2 Rg3 64. Ra5+ Kg6 65. Ra4
1/2-1/2

[Event "19. Bosnjaci Open 2014"]
[Site "Bosnjaci CRO"]
[Date "2014.01.07"]
[Round "7.17"]
[White "Pasalic, Adnan"]
[Black "Bosnjak, Nino"]
[Result "1-0"]
[WhiteElo "2070"]
[BlackElo "2212"]
[PlyCount "83"]
[EventDate "2014.01.03"]
[EventType "swiss"]
[EventRounds "9"]
[EventCountry "CRO"]
[Source "lmi"]
[SourceDate "2014.01.03"]

1. d4 Nf6 2. c4 g6 3. Nc3 d5 4. e3 Bg7 5. cxd5 Nxd5 6. Bc4 Nxc3 7. bxc3 c5 8.
Nf3 O-O 9. O-O Nd7 10. a4 b6 11. Ba3 Bb7 12. Rc1 Qc7 13. Qe2 Bc6 14. Bb3 Qb7
15. Rfd1 e6 16. c4 Qa6 17. Qc2 Bxf3 18. gxf3 Rfd8 19. d5 Qc8 20. dxe6 fxe6 21.
Qe4 Nf8 22. Rxd8 Qxd8 23. Rd1 Qg5+ 24. Kf1 Re8 25. Bc2 Qh5 26. Kg2 Qg5+ 27. Kf1
Rd8 28. Rxd8 Qxd8 29. Bc1 Qf6 30. Ke2 Qa1 31. Bd2 Qa2 32. h4 Bf6 33. f4 Qb2 34.
h5 gxh5 35. f5 exf5 36. Qxf5 h4 37. Be4 Kg7 38. Bd5 Ng6 39. Qd7+ Kh6 40. Bg8
Bc3 41. Qxh7+ Kg5 42. f4+ 1-0